Nestrácajme vieru vo vlastné sily Ivan Oravec: Kto chce, hľadá spôsoby, kto otáľa, hľadá dôvody

Bibliographic Details
Main Authors: (av) (Author), Oravec, Ivan (Author)
Format: Article
Language:Slovak
PhysicalDescription:Fotogr.
Subjects:

MARC

LEADER 00000nab a2200000 a 4500
001 vtls000783297
003 SK-MaSNL
005 20260302153450.0
008 180206c2001 xo 0 slo
015 |a SNBRB2002/02-05657 
035 |a CLN000135007 
040 |a SNKBUCL  |b slo  |c SNKBUCL  |e AACR2 
041 0 |a slo 
044 |a xo  |c SK 
080 |a 338.43(437.6):339.96  |2 UDC-MRF-SK2 
080 |a 631(437.6):339.96  |2 UDC-MRF-SK2 
080 |a 339.96(4:437.6)  |2 UDC-MRF-SK2 
100 0 |a (av)  |4 aut  |9 847103 
245 1 0 |a Nestrácajme vieru vo vlastné sily  |b Ivan Oravec: Kto chce, hľadá spôsoby, kto otáľa, hľadá dôvody  |c [autor] (av) 
300 |b Fotogr. 
610 7 |a SAPARD (program)  |2 snkbucl  |9 28719 
650 0 7 |a poľnohospodárstvo  |z Slovensko  |x Európska únia  |x podpora  |2 snkbucl  |9 848570 
655 7 |a články z novín a časopisov  |2 snkbucl  |9 267496 
700 1 |a Oravec, Ivan  |4 aut  |9 8112 
773 0 |t Roľnícke noviny  |g Č. 233 (3.12.2001) 
773 0 |t [Príl.] Agrárna samospráva  |g S. 3 
850 |a Slovenská národná knižnica v Martine 
852 |a SNK  |b KIS3GCP 
958 |a RBX 
999 |c 1365513  |d 1367443